[Event "Jesenik op-A"]
[Site "Jesenik"]
[Date "2023.08.22"]
[Round "4"]
[White "Dvorakova, Olga"]
[Black "Wichs, Jakub"]
[Result "0-1"]
[WhiteElo "1973"]
[BlackElo "2084"]
[PlyCount "72"]
[EventDate "2023.08.19"]
[EventType "swiss"]
[EventRounds "9"]
[EventCountry "CZE"]
[SourceTitle "EXT 2024"]
[Source "ChessBase"]
[SourceDate "2023.10.10"]
[SourceVersion "1"]
[SourceVersionDate "2023.10.10"]
[SourceQuality "1"]

1. d4 Nf6 2. c4 e5 3. d5 Bc5 4. e3 0-0 5. Nf3 d6 6. Be2 c6 7. Nc3 cxd5 8. cxd5 a6 9. 0-0 b5 10. a3 e4 11. Nd4 Re8 12. f3 Bb7 13. fxe4 Nxe4 14. Nxe4 Rxe4 15. Bf3 Re5 16. e4 Bxd5 17. exd5 Qb6 18. Kh1 Bxd4 19. Bf4 Re8 20. Bxd6 Bxb2 21. Ra2 Qxd6 22. Rxb2 Nd7 23. a4 b4 24. a5 Ne5 25. Qb3 Rab8 26. Be2 Rec8 27. Qg3 g6 28. Re1 Rc5 29. Bf3 Rxa5 30. h3 f6 31. Qf4 Rc5 32. Rxb4 Rxb4 33. Qxb4 Nd3 34. Re8+ Kf7 35. Qa4 Rc1+ 36. Bd1 Rxd1+ 0-1

[Event "CZE-ch (Women)"]
[Site "Bystrice nad Pernstejnem"]
[Date "2023.05.10"]
[Round "1.4"]
[White "Dvorakova, Olga"]
[Black "Voriskova, Anna"]
[Result "0-1"]
[WhiteElo "1974"]
[BlackElo "1949"]
[PlyCount "112"]
[EventDate "2023.05.09"]
[EventType "k.o."]
[EventRounds "4"]
[EventCountry "CZE"]
[SourceTitle "CBM 214 Extra"]
[Source "ChessBase"]
[SourceDate "2023.07.31"]
[SourceVersion "1"]
[SourceVersionDate "2023.07.31"]
[SourceQuality "1"]

1. Nf3 d5 2. c4 c6 3. e3 g6 4. Nc3 Bg7 5. d4 Nf6 6. b3 0-0 7. Bb2 Ne4 8. Bd3 Nf6 9. 0-0 Na6 10. Rc1 e6 11. cxd5 exd5 12. Bxa6 bxa6 13. Na4 Bg4 14. Rxc6 Ne4 15. Ba3 Re8 16. Kh1 Qd7 17. Rxa6 Ng5 18. Rd6 Qb5 19. Re1 Bf8 20. Nc3 Qa5 21. Rxd5 Qxc3 22. Bxf8 Nxf3 23. gxf3 Bxf3+ 24. Qxf3 Qxe1+ 25. Kg2 Rxf8 26. Re5 Rac8 27. h4 Rc1 28. Kg3 Qg1+ 29. Kf4 Qh2+ 30. Ke4 Qxh4+ 31. Kd3 Rfc8 32. Rc5 R1xc5 33. dxc5 Qd8+ 34. Kc4 Qc7 35. b4 a5 36. a3 axb4 37. axb4 Qd7 38. b5 Qe6+ 39. Qd5 Qg4+ 40. e4 Qe2+ 41. Kb4 Qb2+ 42. Kc4 Qa2+ 43. Kd4 Qa4+ 44. Qc4 Rd8+ 45. Kc3 Qa3+ 46. Kc2 Qf3 47. c6 Qxf2+ 48. Kc3 Qe1+ 49. Kb3 Qb1+ 50. Kc3 Qc1+ 51. Kb4 Qd2+ 52. Kc5 Qe3+ 53. Kb4 Rd4 54. Qxd4 Qxd4+ 55. Ka5 Qa7+ 56. Kb4 Qb6 0-1

[Event "CZE-ch (Women)"]
[Site "Bystrice nad Pernstejnem"]
[Date "2023.05.09"]
[Round "1.1"]
[White "Voriskova, Anna"]
[Black "Dvorakova, Olga"]
[Result "0-1"]
[WhiteElo "1949"]
[BlackElo "1974"]
[PlyCount "64"]
[EventDate "2023.05.09"]
[EventType "k.o."]
[EventRounds "4"]
[EventCountry "CZE"]
[SourceTitle "CBM 214 Extra"]
[Source "ChessBase"]
[SourceDate "2023.07.31"]
[SourceVersion "1"]
[SourceVersionDate "2023.07.31"]
[SourceQuality "1"]

1. d4 Nf6 2. c4 c5 3. d5 b5 4. cxb5 a6 5. e3 axb5 6. Bxb5 Qa5+ 7. Nc3 Bb7 8. Bd2 Qb6 9. Bc4 e6 10. Qf3 Be7 11. Nge2 0-0 12. 0-0 Na6 13. e4 Nc7 14. Rfd1 d6 15. Ng3 Nd7 16. Bf4 Ne5 17. Bxe5 dxe5 18. Qg4 Rad8 19. dxe6 Nxe6 20. Nf5 Bf6 21. Nh6+ Kh8 22. Nxf7+ Rxf7 23. Bxe6 Rff8 24. Qh3 Bg5 25. b3 c4 26. Rf1 Rd2 27. Nd1 Bxe4 28. Bxc4 Qd4 29. Rc1 Rxa2 30. Ne3 Raxf2 31. Rxf2 Bxe3 32. Rcf1 Rxf2 0-1

[Event "South Moravia Region-chT 2223"]
[Site "Czech Republic"]
[Date "2022.11.27"]
[Round "4.3"]
[White "Dvorakova, Olga"]
[Black "Skalka, Jan"]
[Result "1/2-1/2"]
[WhiteElo "2054"]
[BlackElo "1901"]
[PlyCount "69"]
[EventDate "2022.10.09"]
[EventType "team-tourn"]
[EventRounds "11"]
[EventCountry "CZE"]
[SourceTitle "EXT 2024"]
[Source "ChessBase"]
[SourceDate "2023.10.10"]
[SourceVersion "1"]
[SourceVersionDate "2023.10.10"]
[SourceQuality "1"]

1. d4 Nf6 2. c4 g6 3. Nc3 d5 4. cxd5 Nxd5 5. e4 Nxc3 6. bxc3 Bg7 7. Nf3 c5 8. Be2 Nc6 9. Be3 cxd4 10. cxd4 Qa5+ 11. Bd2 Qa3 12. 0-0 0-0 13. d5 Nb4 14. Rb1 a5 15. Bc4 Bg4 16. Bb3 Nxa2 17. h3 Bxf3 18. Qxf3 a4 19. Bc4 Qxf3 20. gxf3 Nc3 21. Rxb7 Rfc8 22. Bxc3 Bxc3 23. Ba2 Bf6 24. d6 Rc2 25. Bd5 e6 26. e5 exd5 27. exf6 a3 28. d7 a2 29. Kg2 Rc6 30. Ra1 Rxf6 31. Rxa2 Rd8 32. Rc2 Rd6 33. Rc8 R6xd7 34. Rxd7 Rxc8 35. Rxd5 1/2-1/2

[Event "Brno op"]
[Site "Brno"]
[Date "2022.11.16"]
[Round "5"]
[White "Dvorakova, Olga"]
[Black "Muller, Maxime"]
[Result "1/2-1/2"]
[WhiteElo "2054"]
[BlackElo "1848"]
[PlyCount "161"]
[EventDate "2022.11.12"]
[EventType "swiss"]
[EventRounds "9"]
[EventCountry "CZE"]
[SourceTitle "CBM 211 Extra"]
[Source "ChessBase"]
[SourceDate "2023.01.31"]
[SourceVersion "1"]
[SourceVersionDate "2023.01.31"]
[SourceQuality "1"]

1. d4 d5 2. c4 e6 3. Nc3 Nf6 4. cxd5 exd5 5. Bg5 Nbd7 6. e3 Be7 7. Bd3 0-0 8. Qc2 Re8 9. Nf3 Nf8 10. h3 c6 11. 0-0 Be6 12. Rab1 Rc8 13. b4 N6d7 14. Bxe7 Qxe7 15. a4 Nb6 16. Rfc1 a6 17. b5 axb5 18. axb5 c5 19. dxc5 Rxc5 20. Nd4 Rec8 21. Qb3 Qg5 22. Kh1 Qh4 23. Rc2 Nfd7 24. Rbc1 Ne5 25. Bf5 Qe7 26. e4 g6 27. Bxe6 fxe6 28. exd5 Nxd5 29. Nxd5 exd5 30. Rxc5 Rxc5 31. Re1 Qd6 32. Qe3 Rc4 33. Qxe5 Qxe5 34. Rxe5 Rxd4 35. Re7 Rd1+ 36. Kh2 d4 37. Rxb7 d3 38. Rd7 Rb1 39. Rxd3 Rxb5 40. Rd7 Rf5 41. f3 Rg5 42. h4 Rh5 43. Kh3 Ra5 44. g4 Ra3 45. Kg3 Ra5 46. Kf4 Rb5 47. Re7 Ra5 48. Re5 Ra3 49. Rb5 Rc3 50. h5 gxh5 51. Rxh5 Kg7 52. Rd5 Rc7 53. Ke4 Kf6 54. f4 Re7+ 55. Re5 Ra7 56. g5+ Kg7 57. Kf5 Rb7 58. Re6 Rb5+ 59. Kg4 Rb4 60. Rd6 Ra4 61. Kf5 Ra7 62. Ke6 Kg6 63. Ke5+ Kf7 64. f5 Ra5+ 65. Rd5 Ra7 66. Rc5 Rd7 67. Rc6 Ra7 68. Kd6 Ra1 69. Rc7+ Kg8 70. Ke6 Ra6+ 71. Ke7 Ra1 72. Rc8+ Kg7 73. f6+ Kg6 74. Rg8+ Kf5 75. Rg7 h6 76. gxh6 Ra7+ 77. Kf8 Ra8+ 78. Ke7 Ra7+ 79. Ke8 Ra8+ 80. Kd7 Kxf6 81. Rg3 1/2-1/2

[Event "CZE-chT2E 2223"]
[Site "Czech Republic"]
[Date "2022.11.06"]
[Round "2.7"]
[White "Dvorakova, Olga"]
[Black "Fryda, Dominik1111"]
[Result "0-1"]
[WhiteElo "2015"]
[BlackElo "1828"]
[PlyCount "144"]
[EventDate "2022.10.16"]
[EventType "team-tourn"]
[EventRounds "11"]
[EventCountry "CZE"]
[SourceTitle "EXT 2024"]
[Source "ChessBase"]
[SourceDate "2023.10.10"]
[SourceVersion "1"]
[SourceVersionDate "2023.10.10"]
[SourceQuality "1"]
[WhiteTeam "Brno VSK Univ"]
[BlackTeam "Brno Lokomotiva"]
[WhiteTeamCountry "CZE"]
[BlackTeamCountry "CZE"]

1. d4 Nf6 2. c4 e6 3. Nc3 Bb4 4. e3 0-0 5. Nf3 d5 6. Qc2 c5 7. Bd2 Nc6 8. a3 cxd4 9. Nxd4 Nxd4 10. exd4 Bxc3 11. bxc3 Bd7 12. Bd3 dxc4 13. Bxc4 Rc8 14. Bd3 Bc6 15. 0-0 Qd5 16. f3 Bb5 17. Rfe1 Bxd3 18. Qxd3 Qc4 19. Qb1 b5 20. Re5 a6 21. Qe1 Nd5 22. Rc1 Qd3 23. Rg5 Rc6 24. Rg3 Ne7 25. f4 Qc4 26. Rh3 Ng6 27. Qd1 Qd5 28. Qg4 Rd8 29. Rf1 Qe4 30. Qh5 Nf8 31. f5 exf5 32. Re1 Qc2 33. Re7 Rg6 34. Qe2 Re6 35. Rxe6 fxe6 36. Qe3 Qb3 37. Qg5 Rd7 38. Rg3 Qxa3 39. h4 Qe7 40. Qh5 Qd6 41. Qf3 e5 42. Qxf5 exd4 43. Rd3 Qe7 44. cxd4 Qxh4 45. Bb4 Rf7 46. Qd5 Qf2+ 47. Kh2 Qf4+ 48. Rg3 g6 49. Bxf8 Kxf8 50. Qa8+ Kg7 51. Qxa6 Rf5 52. Qb7+ Kh6 53. Qf3 Rh5+ 54. Kg1 Qxd4+ 55. Qe3+ Qxe3+ 56. Rxe3 Rf5 57. Re7 g5 58. Rb7 Kg6 59. Rb6+ Kh5 60. Kh2 Kg4 61. Rh6 b4 62. Rb6 Rf4 63. Rb5 h5 64. Rb6 Re4 65. Rb5 Kf4 66. Kg1 h4 67. Kf2 g4 68. Rb8 g3+ 69. Kf1 Ke3 70. Rb7 Kd2 71. Rd7+ Kc3 72. Rc7+ Rc4 0-1

[Event "EU-ch (Women) 22nd"]
[Site "Prague"]
[Date "2022.08.28"]
[Round "8"]
[White "Hrebenshchykova, Yelyzaveta"]
[Black "Dvorakova, Olga"]
[Result "1-0"]
[WhiteElo "2123"]
[BlackElo "1921"]
[PlyCount "101"]
[EventDate "2022.08.20"]
[EventType "swiss"]
[EventRounds "11"]
[EventCountry "CZE"]
[SourceTitle "CBM 209 Extra"]
[Source "ChessBase"]
[SourceDate "2022.09.30"]
[SourceVersion "1"]
[SourceVersionDate "2022.09.30"]
[SourceQuality "1"]

1. e4 c6 2. Nc3 d5 3. Nf3 Nf6 4. e5 Ne4 5. h3 Qb6 6. d4 Qb4 7. a3 Qa5 8. b4 Nxc3 9. Qd3 Qa4 10. Qxc3 Bf5 11. Ra2 e6 12. Bd2 Na6 13. Qb2 Nc7 14. Be2 Be7 15. Bd1 Qa6 16. a4 b6 17. Be2 Qc8 18. 0-0 0-0 19. a5 c5 20. dxc5 bxc5 21. bxc5 Bxc5 22. Qc3 Ne8 23. Nd4 Bg6 24. Rb1 f6 25. Rb5 Bxd4 26. Qxd4 fxe5 27. Qxe5 Rf5 28. Qd4 Nd6 29. Rc5 Qf8 30. Bd3 Ne4 31. Bxe4 dxe4 32. Rxf5 exf5 33. Bf4 Qd8 34. Qe5 Qe8 35. Rb2 Qxe5 36. Bxe5 Re8 37. Bd4 a6 38. g3 Rd8 39. c3 Be8 40. Rb7 Rd7 41. Rb6 Ra7 42. Rb8 Re7 43. Ra8 Re6 44. Bb6 Kf8 45. Rxa6 Rc6 46. Ra8 Rxc3 47. a6 Kf7 48. a7 Rc1+ 49. Kh2 e3 50. Rxe8 exf2 51. Bxf2 1-0

[Event "CZE-ch U18/20 Girls"]
[Site "Spindleruv Mlyn"]
[Date "2022.03.17"]
[Round "7"]
[White "Lhotska, Anna"]
[Black "Dvorakova, Olga"]
[Result "1-0"]
[WhiteElo "2033"]
[BlackElo "1947"]
[PlyCount "39"]
[EventDate "2022.03.13"]
[EventType "tourn"]
[EventRounds "9"]
[EventCountry "CZE"]
[SourceTitle "EXT 2023"]
[Source "ChessBase"]
[SourceDate "2022.10.05"]
[SourceVersion "1"]
[SourceVersionDate "2022.10.05"]
[SourceQuality "1"]

1. e4 c6 2. d4 d5 3. f3 Qb6 4. Nc3 dxe4 5. fxe4 e5 6. Nf3 exd4 7. Nxd4 Bc5 8. Na4 Qa5+ 9. c3 Be7 10. Bc4 Nf6 11. 0-0 0-0 12. b4 Qe5 13. Bf4 Qxe4 14. Qd2 Qg6 15. Rae1 Bd8 16. Bd3 Qg4 17. h3 Qd7 18. Bf5 Qd5 19. Re5 Qd6 20. Bxc8 1-0

[Event "CZE-ch U18/20 Girls"]
[Site "Spindleruv Mlyn"]
[Date "2022.03.14"]
[Round "4"]
[White "Dvorakova, Olga"]
[Black "Leksova, Sona"]
[Result "1/2-1/2"]
[WhiteElo "1947"]
[BlackElo "1696"]
[PlyCount "61"]
[EventDate "2022.03.13"]
[EventType "tourn"]
[EventRounds "9"]
[EventCountry "CZE"]
[SourceTitle "EXT 2023"]
[Source "ChessBase"]
[SourceDate "2022.10.05"]
[SourceVersion "1"]
[SourceVersionDate "2022.10.05"]
[SourceQuality "1"]

1. d4 d5 2. Nf3 Nf6 3. Bg5 Bf5 4. Bxf6 exf6 5. c4 Bxb1 6. Rxb1 Bb4+ 7. Nd2 dxc4 8. Qa4+ Nc6 9. e3 0-0 10. Rd1 a6 11. a3 b5 12. Qc2 Ba5 13. Be2 Re8 14. b3 Qe7 15. 0-0 Nxd4 16. exd4 Qxe2 17. bxc4 Bxd2 18. Rxd2 Qxc4 19. Qxc4 bxc4 20. Rc2 Kf8 21. Rxc4 Rad8 22. g3 Re4 23. Rxc7 Rexd4 24. Ra7 R4d6 25. Re1 R8d7 26. Ra8+ Rd8 27. Ra7 R8d7 28. Ra8+ Rd8 29. Ra7 R8d7 30. Ra8+ Rd8 31. Ra7 1/2-1/2

[Event "CZE-chT2E 2122"]
[Site "Czech Republic"]
[Date "2022.02.13"]
[Round "8.7"]
[White "Balsinek, Pavel"]
[Black "Dvorakova, Olga"]
[Result "1/2-1/2"]
[WhiteElo "1990"]
[BlackElo "1932"]
[PlyCount "47"]
[EventDate "2021.10.17"]
[EventType "team-tourn"]
[EventRounds "11"]
[EventCountry "CZE"]
[SourceTitle "EXT 2024"]
[Source "ChessBase"]
[SourceDate "2023.10.10"]
[SourceVersion "1"]
[SourceVersionDate "2023.10.10"]
[SourceQuality "1"]
[WhiteTeam "Prusanky Podluzan"]
[BlackTeam "Brno VSK Univ"]
[WhiteTeamCountry "CZE"]
[BlackTeamCountry "CZE"]

1. e4 c6 2. d4 d5 3. exd5 cxd5 4. Bd3 Nc6 5. c3 Qc7 6. h3 Nf6 7. Ne2 e5 8. dxe5 Nxe5 9. Bb5+ Bd7 10. Bxd7+ Qxd7 11. 0-0 Be7 12. Bf4 Ng6 13. Bh2 0-0 14. Nd2 b5 15. a3 a5 16. Qb3 b4 17. cxb4 axb4 18. a4 d4 19. Nf3 d3 20. Rfd1 Rfd8 21. Ned4 Ne4 22. Qxd3 Nc5 23. Qc2 Rxa4 24. Rxa4 1/2-1/2

[Event "CZE-chT2E 2122"]
[Site "Czech Republic"]
[Date "2021.12.19"]
[Round "5.6"]
[White "Fiala, Vaclav"]
[Black "Dvorakova, Olga"]
[Result "1-0"]
[WhiteElo "2313"]
[BlackElo "1932"]
[PlyCount "65"]
[EventDate "2021.10.17"]
[EventType "team-tourn"]
[EventRounds "11"]
[EventCountry "CZE"]
[SourceTitle "EXT 2024"]
[Source "ChessBase"]
[SourceDate "2023.10.10"]
[SourceVersion "1"]
[SourceVersionDate "2023.10.10"]
[SourceQuality "1"]
[WhiteTeam "Jundrov Jezdci"]
[BlackTeam "Brno VSK Univ"]
[WhiteTeamCountry "CZE"]
[BlackTeamCountry "CZE"]

1. e4 c6 2. c4 d5 3. cxd5 cxd5 4. exd5 Nf6 5. Nc3 Nxd5 6. Bc4 e6 7. Nf3 g6 8. 0-0 Bg7 9. Nxd5 exd5 10. Re1+ Be6 11. Bb5+ Nd7 12. Bxd7+ Qxd7 13. Ne5 Qb5 14. d4 0-0 15. Re3 Rac8 16. Rb3 Qa4 17. Be3 Rc7 18. Bf4 Rfc8 19. h3 Bf5 20. Qd2 Bf8 21. Ng4 Rc2 22. Nf6+ Kg7 23. Qe3 Qc6 24. Re1 Kh8 25. Be5 Bg7 26. Ne8 f6 27. Nxg7 Kxg7 28. Bf4 g5 29. Qe7+ Kh6 30. Bd6 Rc1 31. Qxf6+ Bg6 32. Bf8+ Kh5 33. Qf3+ 1-0

[Event "CZE-chT2E 1920"]
[Site "Czech Republic"]
[Date "2019.12.15"]
[Round "5.8"]
[White "Dvorakova, Olga"]
[Black "Chladek, Vlastimil"]
[Result "1/2-1/2"]
[WhiteElo "1771"]
[BlackElo "2023"]
[PlyCount "24"]
[EventDate "2019.10.13"]
[EventType "team-tourn"]
[EventRounds "11"]
[EventCountry "CZE"]
[SourceTitle "EXT 2024"]
[Source "ChessBase"]
[SourceDate "2023.10.10"]
[SourceVersion "1"]
[SourceVersionDate "2023.10.10"]
[SourceQuality "1"]
[WhiteTeam "Adamov"]
[BlackTeam "Lipovec Garde"]
[WhiteTeamCountry "CZE"]
[BlackTeamCountry "CZE"]

1. d4 d5 2. c4 e6 3. Nc3 c5 4. e3 Nf6 5. Nf3 Nc6 6. Be2 Bd6 7. 0-0 0-0 8. b3 b6 9. Bb2 Bb7 10. a3 Rc8 11. Rc1 Qe7 12. dxc5 Bxc5 1/2-1/2

[Event "CZE-chT2E 1920"]
[Site "Czech Republic"]
[Date "2019.11.03"]
[Round "2.8"]
[White "Frybort, Pavel"]
[Black "Dvorakova, Olga"]
[Result "0-1"]
[WhiteElo "1773"]
[BlackElo "1771"]
[PlyCount "70"]
[EventDate "2019.10.13"]
[EventType "team-tourn"]
[EventRounds "11"]
[EventCountry "CZE"]
[SourceTitle "EXT 2024"]
[Source "ChessBase"]
[SourceDate "2023.10.10"]
[SourceVersion "1"]
[SourceVersionDate "2023.10.10"]
[SourceQuality "1"]
[WhiteTeam "Borsice"]
[BlackTeam "Adamov"]
[WhiteTeamCountry "CZE"]
[BlackTeamCountry "CZE"]

1. c4 e5 2. Nc3 Nf6 3. g3 Nc6 4. Bg2 Bb4 5. Nf3 d6 6. 0-0 0-0 7. d3 h6 8. a3 Bxc3 9. bxc3 Bg4 10. Qc2 Qd7 11. Re1 Bh3 12. Bh1 Nh7 13. Rb1 Rab8 14. e3 f5 15. Nh4 g5 16. Bd5+ Kg7 17. Ng2 Nf6 18. f4 e4 19. Rb2 Qe7 20. d4 Nd8 21. Qa4 c6 22. Qxa7 Qc7 23. Bd2 cxd5 24. Reb1 Bxg2 25. Kxg2 dxc4 26. Rb5 d5 27. a4 Rf7 28. Rc5 Qd6 29. Rb6 Nc6 30. Rcxc6 bxc6 31. Qxb8 Qxb8 32. Rxb8 Ra7 33. Rb4 Kf7 34. Bc1 Ke6 35. Ba3 Nd7 0-1

[Event "EU-ch U16 Girls"]
[Site "Bratislava"]
[Date "2019.08.07"]
[Round "6"]
[White "Dvorakova, Olga"]
[Black "Dimitrijevic, Andjela"]
[Result "1/2-1/2"]
[WhiteElo "1926"]
[BlackElo "1635"]
[PlyCount "81"]
[EventDate "2019.08.02"]
[EventType "swiss"]
[EventRounds "9"]
[EventCountry "SVK"]
[SourceTitle "CBM 191 Extra"]
[Source "ChessBase"]
[SourceDate "2019.09.30"]
[SourceVersion "1"]
[SourceVersionDate "2019.09.30"]
[SourceQuality "1"]

1. d4 Nf6 2. c4 d6 3. Nf3 Nbd7 4. Nc3 c6 5. e4 e5 6. Be2 g6 7. Bg5 Bg7 8. 0-0 h6 9. Bh4 0-0 10. Qc2 g5 11. dxe5 dxe5 12. Bg3 Qe7 13. Rfd1 Nh5 14. Rd2 Nf4 15. Rad1 Re8 16. a3 Nf8 17. b4 Bd7 18. c5 Rad8 19. Na4 Be6 20. Nb2 Nxe2+ 21. Rxe2 Ng6 22. Nd2 Bf8 23. Ndc4 Qc7 24. Red2 Be7 25. Rxd8 Rxd8 26. Rxd8+ Bxd8 27. Nd6 f6 28. f3 b5 29. a4 a6 30. Qd2 Be7 31. Bf2 Qd7 32. a5 Nh8 33. Qd1 Nf7 34. Nxf7 Qxd1+ 35. Nxd1 Kxf7 36. Nc3 Kg6 37. g4 h5 38. h3 Bd8 39. Kg2 Be7 40. Nd1 h4 41. Nc3 1/2-1/2

[Event "EU-ch U16 Girls"]
[Site "Bratislava"]
[Date "2019.08.02"]
[Round "1"]
[White "Davidson, Laura"]
[Black "Dvorakova, Olga"]
[Result "0-1"]
[WhiteElo "1616"]
[BlackElo "1926"]
[PlyCount "162"]
[EventDate "2019.08.02"]
[EventType "swiss"]
[EventRounds "9"]
[EventCountry "SVK"]
[SourceTitle "CBM 191 Extra"]
[Source "ChessBase"]
[SourceDate "2019.09.30"]
[SourceVersion "1"]
[SourceVersionDate "2019.09.30"]
[SourceQuality "1"]

1. e4 c6 2. d4 d5 3. exd5 cxd5 4. Bd3 Nc6 5. c3 Nf6 6. Bf4 Bg4 7. Qb3 Qd7 8. Nd2 e6 9. Ngf3 Bxf3 10. Nxf3 Bd6 11. Bg3 0-0 12. 0-0 Rac8 13. Rfe1 Na5 14. Qb5 Qxb5 15. Bxb5 Bxg3 16. hxg3 Nc4 17. Bxc4 dxc4 18. Ne5 Rfd8 19. a4 a5 20. Kf1 Rd5 21. Ra2 Ne8 22. Ke2 b5 23. axb5 Rxb5 24. Rea1 f6 25. Nf3 Nd6 26. Kf1 Rcb8 27. Rxa5 Rxb2 28. Ra8 Ne4 29. Rxb8+ Rxb8 30. Ra4 Rb1+ 31. Ne1 Rb2 32. Kg1 Rb1 33. Kf1 Rc1 34. f3 Nxg3+ 35. Kf2 Nh1+ 36. Ke2 Rxc3 37. Kd2 Rb3 38. Rxc4 Ng3 39. Rc8+ Kf7 40. Rc7+ Kg6 41. Re7 Rb6 42. Nd3 Rd6 43. Nf4+ Kf5 44. Rxg7 Kxf4 45. Rg4+ Kf5 46. Rxg3 Rxd4+ 47. Ke3 Rd7 48. Rg8 e5 49. Rg4 Ra7 50. Ke2 h5 51. Re4 Rg7 52. Kf2 Rg8 53. Kf1 Kg5 54. Kf2 Re8 55. g3 f5 56. f4+ Kf6 57. fxe5+ Rxe5 58. Rh4 Kg5 59. Kf3 Re1 60. Rd4 Re4 61. Rd8 Re6 62. Rd4 Rh6 63. Rh4 Rh8 64. Kf2 Re8 65. Kf3 Re4 66. Rh1 Rg4 67. Ra1 h4 68. gxh4+ Rxh4 69. Ra8 Rh3+ 70. Kg2 Rb3 71. Rg8+ Kf4 72. Rh8 Rb2+ 73. Kf1 Kg3 74. Ra8 f4 75. Rg8+ Kf3 76. Ke1 Rg2 77. Re8 Rg1+ 78. Kd2 Kf2 79. Re2+ Kg3 80. Re8 f3 81. Rg8+ Kf2 0-1

[Event "Klatovy op-B 24th"]
[Site "Klatovy"]
[Date "2018.07.05"]
[Round "6"]
[White "Perik, Alois"]
[Black "Dvorakova, Olga"]
[Result "0-1"]
[WhiteElo "1832"]
[BlackElo "1556"]
[PlyCount "56"]
[EventDate "2018.06.30"]
[EventType "swiss"]
[EventRounds "9"]
[EventCountry "CZE"]
[SourceTitle "EXT 2019"]
[Source "ChessBase"]
[SourceDate "2018.10.10"]
[SourceVersion "1"]
[SourceVersionDate "2018.10.10"]
[SourceQuality "1"]

1. c4 e5 2. Nc3 Nc6 3. g3 Bb4 4. Bg2 d6 5. e3 Nf6 6. Nd5 0-0 7. a3 Bc5 8. b4 Bb6 9. Qf3 Nxd5 10. cxd5 Ne7 11. Ne2 f5 12. d3 Bd7 13. Nc3 c6 14. Qe2 a5 15. Qb2 axb4 16. axb4 Rxa1 17. Qxa1 cxd5 18. Nxd5 Bc6 19. Nxe7+ Qxe7 20. 0-0 Bxg2 21. Kxg2 Qf7 22. Qc3 Qe6 23. Bb2 Rc8 24. Qa3 f4 25. exf4 exf4 26. Rc1 f3+ 27. Kxf3 Rf8+ 28. Kg2 Rxf2+ 0-1

[Event "Klatovy op-B 24th"]
[Site "Klatovy"]
[Date "2018.07.03"]
[Round "4"]
[White "Rezac, Jindrich"]
[Black "Dvorakova, Olga"]
[Result "1/2-1/2"]
[WhiteElo "1806"]
[BlackElo "1556"]
[PlyCount "69"]
[EventDate "2018.06.30"]
[EventType "swiss"]
[EventRounds "9"]
[EventCountry "CZE"]
[SourceTitle "CBM 185 Extra"]
[Source "ChessBase"]
[SourceDate "2018.07.29"]
[SourceVersion "1"]
[SourceVersionDate "2018.07.29"]
[SourceQuality "1"]

1. d4 Nf6 2. c4 e6 3. Nc3 Bb4 4. Qc2 0-0 5. Bg5 d6 6. a3 Bxc3+ 7. Qxc3 Nbd7 8. Nf3 b6 9. e3 Bb7 10. Be2 c5 11. 0-0 Ne4 12. Bxd8 Nxc3 13. bxc3 Rfxd8 14. Nd2 Nf6 15. a4 Ne4 16. Nxe4 Bxe4 17. f3 Bg6 18. Rfd1 Kf8 19. e4 f6 20. a5 Ke7 21. Rdb1 Be8 22. axb6 axb6 23. Rxa8 Rxa8 24. Rxb6 Ra3 25. Rb7+ Bd7 26. d5 e5 27. Rb8 Rxc3 28. Kf2 Rc2 29. g3 f5 30. Ke3 fxe4 31. fxe4 Ra2 32. Rb7 Ra3+ 33. Kf2 Ra2 34. Ke3 Ra3+ 35. Kf2 1/2-1/2

[Event "Morava-ch U14"]
[Site "Loucna nad Desnou"]
[Date "2017.10.29"]
[Round "9"]
[White "Dvorakova, Olga"]
[Black "Vaculik, Martin1111"]
[Result "1/2-1/2"]
[WhiteElo "1600"]
[BlackElo "1347"]
[PlyCount "106"]
[EventDate "2017.10.24"]
[EventType "swiss"]
[EventRounds "9"]
[EventCountry "CZE"]
[SourceTitle "EXT 2020"]
[Source "ChessBase"]
[SourceDate "2019.10.17"]
[SourceVersion "1"]
[SourceVersionDate "2019.10.17"]
[SourceQuality "1"]

1. d4 Nf6 2. c4 e6 3. Nc3 Bb4 4. Nf3 0-0 5. e3 c5 6. Bd3 d5 7. 0-0 Nc6 8. a3 Bxc3 9. bxc3 dxc4 10. Bxc4 Qc7 11. Bd3 Rd8 12. Qc2 cxd4 13. cxd4 Bd7 14. Bd2 Rac8 15. Rfc1 Qd6 16. Qb3 b6 17. Rc2 Qb8 18. Rac1 Ne7 19. Ne5 Ng6 20. Nxd7 Nxd7 21. Ba6 Rxc2 22. Qxc2 Nf6 23. Qc7 Ne8 24. Qxb8 Rxb8 25. a4 Ne7 26. e4 Rd8 27. Be3 h6 28. Kf1 Ng6 29. Ke2 Kf8 30. f3 Ne7 31. Bf2 Ng6 32. Ke3 Rd7 33. Bg3 Rd8 34. Rc2 Ke7 35. Rc8 Rxc8 36. Bxc8 Kd8 37. Ba6 Nc7 38. Bc4 Kd7 39. d5 e5 40. Be1 f6 41. g3 Nh8 42. f4 Nf7 43. Bc3 g6 44. Bf1 Kd8 45. Bb4 Ne8 46. Kf3 Ned6 47. h4 Kc7 48. Ba6 Kd8 49. Ke3 Kc7 50. Bd3 Kd8 51. fxe5 fxe5 52. Be2 Kc7 53. Ba6 Kd8 1/2-1/2

[Event "Morava-ch U14"]
[Site "Loucna nad Desnou"]
[Date "2017.10.26"]
[Round "5"]
[White "Dvorakova, Olga"]
[Black "Grycman, Ondrej"]
[Result "1-0"]
[WhiteElo "1600"]
[BlackElo "1266"]
[PlyCount "69"]
[EventDate "2017.10.24"]
[EventType "swiss"]
[EventRounds "9"]
[EventCountry "CZE"]
[SourceTitle "EXT 2020"]
[Source "ChessBase"]
[SourceDate "2019.10.17"]
[SourceVersion "1"]
[SourceVersionDate "2019.10.17"]
[SourceQuality "1"]

1. d4 d5 2. c4 e6 3. Nc3 Nf6 4. cxd5 exd5 5. Bg5 Be7 6. e3 Nbd7 7. Bd3 0-0 8. Nf3 c6 9. 0-0 Re8 10. Qc2 Nf8 11. h3 g6 12. Rab1 Ne6 13. Bh4 Ng7 14. b4 a6 15. a4 Bf5 16. b5 axb5 17. axb5 Ne4 18. Bxe7 Qxe7 19. bxc6 bxc6 20. Ne5 Qd6 21. Rb6 f6 22. Rxc6 Qb4 23. Nxd5 Qb7 24. Bxe4 Bxe4 25. Nxf6+ Kf8 26. Qxe4 Re6 27. Rxe6 Qxe4 28. Ned7+ Kf7 29. Rxe4 Ne6 30. d5 Ng5 31. Rd4 Ke7 32. h4 Nf7 33. Re4+ Kd6 34. Re6+ Kc7 35. Rc1+ 1-0

[Event "CZE-ch U14 Girls"]
[Site "Kouty nad Desnou"]
[Date "2017.03.18"]
[Round "9"]
[White "Otrubova, Kristyna"]
[Black "Dvorakova, Olga"]
[Result "1/2-1/2"]
[WhiteElo "1604"]
[BlackElo "1631"]
[PlyCount "53"]
[EventDate "2017.03.11"]
[EventType "swiss"]
[EventRounds "9"]
[EventCountry "CZE"]
[SourceTitle "CBM 177 Extra"]
[Source "ChessBase"]
[SourceDate "2017.04.27"]
[SourceVersion "1"]
[SourceVersionDate "2017.04.27"]
[SourceQuality "1"]

1. e4 c5 2. c4 Nc6 3. g3 Nf6 4. Bg2 d6 5. Nc3 g6 6. Nge2 e5 7. d3 Bg7 8. 0-0 0-0 9. f4 Nd7 10. f5 Nb6 11. g4 g5 12. Be3 f6 13. Rf3 Kf7 14. Ng3 Bd7 15. Rb1 Nc8 16. a3 Nd4 17. Bxd4 exd4 18. Nd5 Ne7 19. Nxe7 Qxe7 20. b4 b6 21. Rf2 Rac8 22. b5 Qe5 23. Qc1 Ra8 24. Rfb2 Rfb8 25. a4 a6 26. Nh5 Ra7 27. Ra1 1/2-1/2